Current Governors of the United States - Statistics

General Stats
  • This quiz has been taken 169 times
  • The average score is 15 of 55
Answer Stats
Hint Answer % Correct
Florida Ron DeSantis
81%
California Gavin Newsom
77%
Texas Greg Abbott
64%
New York Kathy Hochul
55%
Michigan Gretchen Whitmer
53%
Georgia Brian Kemp
46%
Alabama Kay Ivey
42%
Maryland Larry Hogan
42%
Illinois JB Pritzker
40%
Massachusetts Charlie Baker
38%
New Jersey Phil Murphy
38%
New Hampshire Chris Sununu
37%
Colorado Jared Polis
35%
South Dakota Kristi Noem
35%
Lousiana John Bel Edwards
34%
Oregon Kate Brown
34%
Ohio Mark DeWine
34%
Arizona Doug Ducey
31%
Vermont Phil Scott
31%
Arkansas Asa Hutchinson
30%
Kentucky Andy Beshear
29%
Tennessee Bill Lee
29%
Washington Jay Inslee
29%
Pennsylvania Tom Wolf
29%
North Carolina Roy Cooper
27%
Wisconsin Tony Evers
27%
Connecticut Ned Lamont
24%
South Carolina Henry McMaster
23%
West Virginia Jim Justice
23%
Kansas Laura Kelly
23%
Minnesota Tim Walz
23%
Hawaii David Ige
21%
Maine Janet Mills
20%
Oklahoma Kevin Stitt
20%
Iowa Kim Reynolds
20%
New Mexico Michelle Lujan Grisham
20%
Virginia Ralph Northam
20%
Utah Spencer Cox
20%
Indiana Eric Holcomb
17%
Alaska Mike Dunleavy
17%
Missouri Mike Parson
16%
Nebraska Pete Ricketts
16%
Nevada Steve Sisolak
16%
Mississippi Tate Reeves
16%
North Dakota Doug Burgum
15%
Idaho Brad Little
14%
Delaware John Carney
13%
Rhode Island Dan McKee
12%
Wyoming Mark Gordon
12%
Virgin Islands Albert Bryan
11%
Guam Lou Leon Guerrero
10%
Northern Mariana Islands Ralph Deleon Guerrero Torres
10%
American Samoa Lemanu P.S. Mauga
9%
Puerto Rico Pedro Pierluisi
9%
Montana Greg Gianfonte
6%
No matching quizzes found
Score Distribution
Percent of People with Each Score
Percentile by Number Answered
Your Score History
You have not taken this quiz